| 000 | 00896nam0a22002651 4500 | ||
|---|---|---|---|
| 001 | rc\1162518 | ||
| 005 | 20041129085059.0 | ||
| 035 | _a(NLR Aleph) 006406563 | ||
| 090 |
_a5301454 _c5301454 |
||
| 100 | _a20041129d1980 u |0rusy50 ca | ||
| 101 | 0 |
_arus _aarm _afre |
|
| 102 | _aRU | ||
| 105 | _aa ||||||||| | ||
| 200 | 1 |
_aМемориальные памятники Гугарка _dLes monuments commemoratifs de laregion Gougark |
|
| 210 |
_aЕреван _cАйастан _d1980 |
||
| 215 |
_a24, [80] с. _cил. _d28 |
||
| 300 | _aПарал. загл. также на арм. яз. | ||
| 300 | _aТекст парал. на рус., арм. и фр. яз. | ||
| 510 | 0 | _aLes monuments commemoratifs de laregion Gougark | |
| 700 | 1 |
_aСагумян _bС. Т. |
|
| 801 | 0 |
_aRU _bNLR _gpsbo |
|
| 801 | 1 |
_aRU _bELAR _2rusmarc |
|
| 852 |
_aNLR _bЭ _jАлИс436-63/2-20 |
||
| 942 | _cBOOK | ||
| 980 | _aNB | ||